| 000 | 00999nam a22003137a 4500 | ||
|---|---|---|---|
| 003 | CHAP | ||
| 005 | 20220329143506.0 | ||
| 008 | 100203s1970 mx r 00010 spa d | ||
| 010 | _a97472 | ||
| 011 | _a98444 | ||
| 035 | _a109129 | ||
| 040 | _cCHAP | ||
| 090 | _aFolleto 17490 | ||
| 110 | 2 |
_aSociedad Mexicana de Fruticultura _9108089 |
|
| 245 | 1 | 3 |
_aEl cultivo del aguacate en Israel _c/por Sociedad Mexicana de Fruticultura |
| 260 |
_aMéxico : _bSociedad Mexicana de Fruticultura, _c1970 |
||
| 300 | _a19 p. | ||
| 590 |
_aBATCH-UPD _b10 _c20130110 _lUCH01 _h1120 |
||
| 590 |
_aBATCH-UPD _b10 _c20130410 _lUCH01 _h0710 |
||
| 590 |
_aBATCH-UPD _b10 _c20130913 _lUCH01 _h2308 |
||
| 590 |
_aCONVERSION _b10 _c20130109 _lUCH01 _h1354 |
||
| 650 | 1 | 4 |
_aAguacate. _92490 |
| 650 | 1 | 4 |
_aAguacate _xIrrigación. _92529 |
| 650 | 1 | 4 |
_aAguacate _xIsrael. _92530 |
| 650 | 1 | 4 |
_aRiego por goteo. _997380 |
| 901 | _aBK | ||
| 942 | _cFOLL | ||
| 949 |
_aFolleto 17490 _bBC _cFOLL _d33724002126553 _eTS1 _h17490 _i109129 _sb |
||
| 999 |
_c97472 _d97472 |
||